000
00220nam a22000857a 4500
999
_c
11736
_d
11736
008
200113b ||||| |||| 00| 0 eng d
100
_a
Waber Bernard
_9
7424
245
_a
Lovable Lyle
260
_a
Boston
_b
Houghton Mifflin
_c
1969